[Event "53rd ch-HUN w"]
[Site "Szeged HUN"]
[Date "2005.05.19"]
[Round "8"]
[White "Albert,K"]
[Black "Madl,I"]
[Result "1/2-1/2"]
[WhiteElo "2171"]
[BlackElo "2375"]
[EventDate "2005.05.12"]

1. e4 c5 2. Nf3 d6 3. d4 Nf6 4. Nc3 cxd4 5. Nxd4 Nc6 6. Bc4 e6 7. Be3 a6 8.
f3 d5 9. exd5 exd5 10. Bb3 Bb4 11. Qd2 O-O 12. a3 Ba5 13. O-O-O Be6 14. g4
Rc8 15. g5 Ne8 16. Nde2 Ne7 17. Bd4 Nf5 18. Be5 Nc7 1/2-1/2

[Event "53rd ch-HUN w"]
[Site "Szeged HUN"]
[Date "2005.05.18"]
[Round "7"]
[White "Decsey,K"]
[Black "Albert,K"]
[Result "1/2-1/2"]
[WhiteElo "2151"]
[BlackElo "2171"]
[EventDate "2005.05.12"]

1. d4 f5 2. c4 Nf6 3. Nc3 g6 4. Nf3 d6 5. e3 Bg7 6. Be2 O-O 7. O-O c6 8. d5
c5 9. Qc2 Na6 10. a3 Nc7 11. Bd3 a6 12. Rd1 Bd7 13. Rb1 b5 14. b3 Qe8 15.
Re1 Ng4 16. Bd2 Ne5 17. Nxe5 Bxe5 18. f4 Bg7 1/2-1/2

[Event "53rd ch-HUN w"]
[Site "Szeged HUN"]
[Date "2005.05.20"]
[Round "9"]
[White "Decsey,K"]
[Black "Domany,Z"]
[Result "1/2-1/2"]
[WhiteElo "2151"]
[BlackElo "2056"]
[EventDate "2005.05.12"]

1. d4 d5 2. c4 c6 3. Nf3 Nf6 4. Nc3 dxc4 5. e3 b5 6. a4 b4 7. Na2 e6 8.
Bxc4 a5 9. O-O Be7 10. Qc2 O-O 11. b3 Nbd7 12. Bb2 Bb7 13. Rfd1 Rc8 14. Nc1
Qc7 15. Nd3 Rfd8 16. Qe2 Ne4 17. Rac1 Qb8 18. Nde5 Nxe5 19. Nxe5 Nf6
1/2-1/2

[Event "53rd ch-HUN w"]
[Site "Szeged HUN"]
[Date "2005.05.20"]
[Round "9"]
[White "Ignacz,M"]
[Black "Albert,K"]
[Result "1-0"]
[WhiteElo "2195"]
[BlackElo "2171"]
[EventDate "2005.05.12"]

1. d4 f5 2. g3 Nf6 3. Nh3 d6 4. d5 e5 5. dxe6 Bxe6 6. Bg2 c6 7. Ng5 Bd7 8.
c4 h6 9. Nf3 Ne4 10. O-O Be7 11. Qc2 Bf6 12. Nbd2 Qe7 13. Rd1 Na6 14. Nxe4
fxe4 15. Ne1 Bf5 16. Bf4 Rd8 17. Qb3 Nc5 18. Qa3 b6 19. Nc2 g5 20. Be3 Ne6
21. Nb4 Qc7 22. Rd2 a5 23. Nc2 c5 24. Rad1 O-O 25. Qb3 Be5 26. Na3 Qc6 27.
Nb5 Kh7 28. Rd5 Nc7 29. Nxc7 Qxc7 30. Qc2 Kg7 31. Bxe4 Bxe4 32. Qxe4 Bxb2
33. h4 Rfe8 34. Qg4 Rxe3 35. fxe3 Bf6 36. Rf1 Qe7 37. Rf3 Re8 38. Rdf5 Rf8
39. hxg5 hxg5 40. Kg2 Kg6 41. Rd5 Be5 42. Qe4+ Kg7 43. Rd1 Rh8 44. Rdf1 Qe6
45. Rf7+ Qxf7 46. Rxf7+ Kxf7 47. Qb7+ Kf6 48. Qxb6 g4 49. Qxa5 Rh3 50. Qd8+
Kg6 51. Qg8+ Kh5 52. a4 Rxg3+ 53. Kf2 Rh3 54. a5 Rh2+ 55. Kg1 Rxe2 56. Qh7+
Kg5 57. a6 Rxe3 58. a7 Bd4 59. Qg8+ Kf4 60. Kf1 Rf3+ 61. Ke2 Rf2+ 62. Ke1
Ra2 63. a8=Q Rxa8 64. Qxa8 Be5 65. Kf2 g3+ 66. Kg2 Ke3 67. Qd5 Ke2 68. Qf3+
Kd2 69. Qa3 Ke2 70. Qb3 Kd2 71. Kf3 Bc3 72. Qa2+ Kc1 73. Kxg3 Bb2 74. Kf3
Kc2 75. Ke4 Kc3 76. Kd5 Bc1 77. Kxd6 Be3 78. Kd5 Bd4 79. Qa3+ Kd2 80. Qxc5
1-0

[Event "53rd ch-HUN w"]
[Site "Szeged HUN"]
[Date "2005.05.20"]
[Round "9"]
[White "Madl,I"]
[Black "Schneider,Ve"]
[Result "1/2-1/2"]
[WhiteElo "2375"]
[BlackElo "2241"]
[EventDate "2005.05.12"]

1. e4 e6 2. d4 d5 3. Nc3 Nf6 4. Bg5 dxe4 5. Nxe4 Nbd7 6. Nf3 h6 7. Nxf6+
Nxf6 8. Bh4 c5 9. Bb5+ Bd7 10. Bxd7+ Qxd7 11. O-O Be7 12. Qe2 O-O 13. dxc5
Bxc5 14. Rad1 Qc7 15. Bxf6 gxf6 16. Rd3 Rfd8 17. Rfd1 Rxd3 18. Rxd3 Rd8 19.
Rxd8+ Qxd8 20. Ne1 Qd5 21. Nd3 Bd6 22. a3 Kg7 1/2-1/2